Изслѣдование человѣческаго разумѣния = (An inquiry concerning human understanding) / (Record no. 239493)
[ view plain ]
| 000 -LEADER | |
|---|---|
| fixed length control field | 00691nam a2200193 u 4500 |
| 001 - CONTROL NUMBER | |
| control field | 000588650 |
| 003 - CONTROL NUMBER IDENTIFIER | |
| control field | AM-YeHGA |
| 005 - DATE AND TIME OF LATEST TRANSACTION | |
| control field | 20250617141455.0 |
| 008 - FIXED-LENGTH DATA ELEMENTS--GENERAL INFORMATION | |
| fixed length control field | 080630s1902 ru r 000 0 rus d |
| 040 ## - CATALOGING SOURCE | |
| Original cataloging agency | AM-YeHGA |
| 041 1# - LANGUAGE CODE | |
| Language code of text/sound track or separate title | rus |
| Language code of original | eng |
| 090 ## - LOCALLY ASSIGNED LC-TYPE CALL NUMBER (OCLC); LOCAL CALL NUMBER (RLIN) | |
| -- | 241068 |
| 100 1# - MAIN ENTRY--PERSONAL NAME | |
| Personal name | Юм, Давид |
| Dates associated with a name | 1711–1776 |
| 245 10 - TITLE STATEMENT | |
| Title | Изслѣдование человѣческаго разумѣния = (An inquiry concerning human understanding) / |
| Statement of responsibility, etc. | Д. Юм ; Пер. с англ. С.И. Церетели. |
| 260 ## - PUBLICATION, DISTRIBUTION, ETC. | |
| Place of publication, distribution, etc. | С.-Петербургъ : |
| Name of publisher, distributor, etc. | Издание М.В. Пирожкова, |
| Date of publication, distribution, etc. | 1902. |
| 300 ## - PHYSICAL DESCRIPTION | |
| Extent | 192 с. |
| 650 14 - SUBJECT ADDED ENTRY--TOPICAL TERM | |
| Topical term or geographic name entry element | Философия |
| 700 1# - ADDED ENTRY--PERSONAL NAME | |
| Personal name | Церетели, С.И |
| Relationship | trl |
| Withdrawn status | Lost status | Damaged status | Not for loan | Collection | Home library | Current library | Date acquired | Total checkouts | Full call number | Barcode | Date last seen | Price effective from | Koha item type | Public note |
|---|---|---|---|---|---|---|---|---|---|---|---|---|---|---|
| General | Fundamental Scientific Library | Fundamental Scientific Library | 28/12/2016 | PII/483551 | FL0274115 | 28/12/2016 | 28/12/2016 | Գրքեր / Books | 30 Days Loan |
ՀՀ Գիտությունների ազգային ակադեմիայի հիմնարար գիտական գրադարան = Fundamental Scientific Library of NAS RA
All site content, except where otherwise noted, is licensed under a